| 000 | 01165nam a2200337 i 4500 | ||
|---|---|---|---|
| 003 | DO-SdBPM | ||
| 005 | 20260220074542.0 | ||
| 006 | a||||gr|||| 00| 0 | ||
| 007 | ta | ||
| 008 | 230621t2004 ag r| 00| 0 spa d | ||
| 020 | _a9501245268 | ||
| 040 |
_aDO-SdBPM _bspa _cBPMSU _erda _d |
||
| 082 | 0 | 4 |
_a361.25 _bR934o 2004 _222 |
| 100 | 1 |
_aRuiz, Violeta. _4aut. _eautor |
|
| 245 | 1 | 0 |
_aOrganizaciones comunitarias y gestión asociada : _b una estrategia para el desarrollo de ciudadanía emancipada / _cVioleta Ruiz. |
| 264 | 4 |
_aBuenos Aires, Argentina : _bPaidós, _c©2004 |
|
| 300 |
_a125 página ; _c23 cm. _b |
||
| 336 |
_2rdaconten _atexto _btxt |
||
| 337 |
_2rdamedia _asin medición _bn |
||
| 338 |
_2rdacarrier _avolumen _bnc |
||
| 490 | 0 |
_aTramas sociales ; _v26 |
|
| 500 | _aIncluye datos biográficos en la contracubierta | ||
| 500 | _aaIncluye bibliografía. | ||
| 590 | _aInventariado 2026/ VM | ||
| 650 | 7 |
_aDesarrollo comunitario. _2 |
|
| 650 | 7 | _aOrganización de la comunidad. | |
| 650 | 7 | _aParticipación comunitaria. | |
| 651 | 7 |
_aArgentina _xPolítica social |
|
| 910 | _aVMateo V. Control de calidad. BPMSU | ||
| 942 |
_2ddc _cBK |
||
| 999 |
_c15720 _d15720 |
||